[Event "16th ch-EUR Indiv w 2015"]
[Site "Chakvi GEO"]
[Date "2015.05.19"]
[Round "1.47"]
[White "Stetsko, Lanita"]
[Black "Jibuti, Nata"]
[Result "1-0"]
[WhiteTitle "FM"]
[BlackTitle "WFM"]
[WhiteElo "2286"]
[BlackElo "1694"]
[WhiteFideId "13505300"]
[BlackFideId "13603094"]
[EventDate "2015.05.19"]

1. e4 c5 2. Nf3 d6 3. Bb5+ Bd7 4. Bxd7+ Qxd7 5. c4 Nf6 6. Nc3 g6 7. d4 cxd4 8.
Nxd4 Bg7 9. f3 O-O 10. Be3 Nc6 11. O-O a6 12. a4 e6 13. Rc1 Rfd8 14. Qd2 d5 15.
exd5 exd5 16. c5 Rac8 17. b3 Re8 18. Nce2 Qe7 19. Bf2 Nxd4 20. Nxd4 Nd7 21. Rfe1
Qf6 22. Rxe8+ Rxe8 23. c6 bxc6 24. Rxc6 Qd8 25. Rxa6 Nc5 26. Rc6 Bxd4 27. Qxd4
Nxb3 28. Qd3 Qa8 29. Rc3 Na5 30. Rc5 Nc4 31. Qxd5 Qxd5 32. Rxd5 Ra8 33. Bd4 Kf8
34. Bf6 1-0

[Event "16th ch-EUR Indiv w 2015"]
[Site "Chakvi GEO"]
[Date "2015.05.19"]
[Round "1.48"]
[White "Chanturia, Tamar"]
[Black "Galojan, Lilit"]
[Result "0-1"]
[BlackTitle "IM"]
[WhiteElo "1688"]
[BlackElo "2275"]
[WhiteFideId "13603175"]
[BlackFideId "13301314"]
[EventDate "2015.05.19"]

1. Nf3 Nf6 2. b3 e6 3. Bb2 b6 4. e3 d5 5. a3 Bd6 6. Ne5 O-O 7. Bd3 Nbd7 8. f4
Ne4 9. Qf3 Ndc5 10. Bxe4 dxe4 11. Qg3 f6 12. Ng4 Qe7 13. Nc3 Bb7 14. b4 Nd7 15.
Nf2 f5 16. Nb5 e5 17. Nxd6 cxd6 18. h4 Rac8 19. Bc3 Ba6 20. a4 Bc4 21. h5 h6 22.
Qh2 Rf7 23. Rg1 exf4 24. Qxf4 Ne5 25. Bxe5 dxe5 26. Qh2 f4 27. c3 fxe3 28. dxe3
Rcf8 29. Nd1 Qd6 0-1

[Event "16th ch-EUR Indiv w 2015"]
[Site "Chakvi GEO"]
[Date "2015.05.19"]
[Round "1.49"]
[White "Umudova, Nargiz"]
[Black "Lomaia, Diana"]
[Result "1-0"]
[WhiteTitle "WIM"]
[WhiteElo "2275"]
[BlackElo "1449"]
[WhiteFideId "13402137"]
[BlackFideId "13612476"]
[EventDate "2015.05.19"]

1. e4 c5 2. Nf3 d6 3. d4 cxd4 4. Qxd4 Nc6 5. Bb5 Nf6 6. Nc3 Bd7 7. Bxc6 bxc6 8.
e5 dxe5 9. Nxe5 Qb6 10. Qc4 e6 11. Bg5 Rd8 12. O-O-O Qb4 13. Qd3 Qb7 14. Ne4 Be7
15. Nd6+ Bxd6 16. Qxd6 h6 17. Bxf6 gxf6 18. Ng4 Rb8 19. Nxf6+ Kd8 20. Qxd7+ Qxd7
21. Rxd7+ Kc8 22. Rhd1 1-0

[Event "16th ch-EUR Indiv w 2015"]
[Site "Chakvi GEO"]
[Date "2015.05.20"]
[Round "2.3"]
[White "Girya, Olga"]
[Black "Schleining, Zoya"]
[Result "1-0"]
[WhiteTitle "WGM"]
[BlackTitle "WGM"]
[WhiteElo "2479"]
[BlackElo "2375"]
[WhiteFideId "4195752"]
[BlackFideId "4671660"]
[EventDate "2015.05.19"]

1. d4 d5 2. c4 dxc4 3. e4 Nf6 4. e5 Nd5 5. Bxc4 Nb6 6. Bd3 Nc6 7. Ne2 Bg4 8. Be3
Qd7 9. Nbc3 O-O-O 10. a4 Nxe5 11. Be4 Qe8 12. a5 Nbc4 13. Qb3 Nxe3 14. Qxb7+ Kd7
15. dxe5 1-0

[Event "16th ch-EUR Indiv w 2015"]
[Site "Chakvi GEO"]
[Date "2015.05.20"]
[Round "2.4"]
[White "Matveeva, Svetlana"]
[Black "Galliamova, Alisa"]
[Result "1/2-1/2"]
[WhiteTitle "IM"]
[BlackTitle "IM"]
[WhiteElo "2380"]
[BlackElo "2478"]
[WhiteFideId "4119827"]
[BlackFideId "4129725"]
[EventDate "2015.05.19"]

1. d4 d5 2. c4 c6 3. Nf3 Nf6 4. e3 Bg4 5. Nbd2 e6 6. Qb3 Qc7 7. h3 Bh5 8. g4 Bg6
9. Ne5 Nbd7 10. Nxg6 hxg6 11. Bg2 g5 12. e4 dxe4 13. Nxe4 Nxe4 14. Bxe4 Nf6 15.
Bg2 O-O-O 16. Be3 Qa5+ 17. Bd2 Qc7 18. Be3 Qa5+ 19. Bd2 Qc7 20. Be3 Qa5+ 1/2-1/2

[Event "16th ch-EUR Indiv w 2015"]
[Site "Chakvi GEO"]
[Date "2015.05.20"]
[Round "2.5"]
[White "Goryachkina, Aleksandra"]
[Black "Lomineishvili, Maia"]
[Result "1-0"]
[WhiteTitle "WGM"]
[BlackTitle "IM"]
[WhiteElo "2474"]
[BlackElo "2364"]
[WhiteFideId "4147103"]
[BlackFideId "13600656"]
[EventDate "2015.05.19"]

1. Nf3 c5 2. c4 Nc6 3. Nc3 g6 4. g3 Bg7 5. Bg2 e5 6. O-O Nge7 7. Ne1 d6 8. Nc2
O-O 9. d3 Be6 10. Bg5 f6 11. Bd2 Qd7 12. Rb1 Bh3 13. b4 Bxg2 14. Kxg2 f5 15.
bxc5 dxc5 16. Ne3 f4 17. Ned5 Nxd5 18. Nxd5 Ne7 19. Nc3 f3+ 20. exf3 Qxd3 21.
Bg5 Qxc3 22. Bxe7 Rf7 23. Qd5 Qd4 24. Rxb7 Qxd5 25. cxd5 Bf8 26. d6 Bxe7 27.
dxe7 Re8 28. Rc1 Rfxe7 29. Rxe7 Rxe7 30. Rxc5 Kf7 31. Rc6 Ke8 32. Ra6 Kd8 33.
Kf1 Kc8 34. Ke2 Kb7 35. Rd6 Rc7 36. Kd3 Rc1 37. Rd7+ Kb6 38. Rxh7 Rd1+ 39. Ke4
Re1+ 40. Kd5 Re2 41. Rg7 Rxa2 42. Rxg6+ Kb5 43. h4 Rxf2 44. h5 a5 45. Rg8 Rxf3
46. h6 Rf7 47. g4 a4 48. g5 a3 49. Ra8 Kb4 50. g6 1-0

[Event "16th ch-EUR Indiv w 2015"]
[Site "Chakvi GEO"]
[Date "2015.05.20"]
[Round "2.6"]
[White "Mammadzada, Gunay"]
[Black "Batsiashvili, Nino"]
[Result "0-1"]
[WhiteTitle "WGM"]
[BlackTitle "IM"]
[WhiteElo "2336"]
[BlackElo "2473"]
[WhiteFideId "13403729"]
[BlackFideId "13602993"]
[EventDate "2015.05.19"]

1. e4 e5 2. Nf3 Nc6 3. Bb5 a6 4. Ba4 Nf6 5. O-O Be7 6. Re1 b5 7. Bb3 O-O 8. c3
d5 9. d4 exd4 10. e5 Ne4 11. cxd4 Bf5 12. Nc3 Nxc3 13. bxc3 Na5 14. Bc2 Qd7 15.
Bg5 Ba3 16. Rb1 Nc4 17. h3 Rfb8 18. Bxf5 Qxf5 19. g4 Qg6 20. Bf4 Be7 21. Bg3 b4
22. cxb4 Bxb4 23. Nh4 Qe6 24. Re2 Rb6 25. Qd3 Rab8 26. Rf1 Bf8 27. f4 Rb2 28. f5
Qb6 29. Nf3 Qh6 30. h4 Rxe2 31. Qxe2 Rb2 32. g5 Qh5 33. Qd3 Qg4 34. Nh2 Qh3 35.
Rf2 Nxe5 36. Qe3 Ng4 0-1

[Event "16th ch-EUR Indiv w 2015"]
[Site "Chakvi GEO"]
[Date "2015.05.20"]
[Round "2.7"]
[White "Charkhalashvili, Inga"]
[Black "Hoang, Thanh Trang"]
[Result "1/2-1/2"]
[WhiteTitle "WGM"]
[BlackTitle "GM"]
[WhiteElo "2318"]
[BlackElo "2472"]
[WhiteFideId "13601431"]
[BlackFideId "12400149"]
[EventDate "2015.05.19"]

1. d4 f5 2. Nf3 Nf6 3. g3 g6 4. Bg2 Bg7 5. O-O O-O 6. c4 d6 7. Nc3 Qe8 8. d5 a5
9. Rb1 Bd7 10. b3 Na6 11. Bb2 h6 12. Nd4 Nc5 13. a3 c6 14. b4 axb4 15. axb4 Nce4
16. Nxe4 fxe4 17. Ne6 Bxe6 18. dxe6 Qc8 19. Bxf6 Rxf6 20. Bxe4 Qxe6 21. Qd3 Ra4
22. Rfc1 Kh7 23. h4 h5 24. Rc2 Rf8 25. Kg2 Rfa8 26. Bf3 Ra3 27. Rb3 Rxb3 28.
Qxb3 Qf5 29. Ra2 Rxa2 30. Qxa2 e5 31. e4 Qf7 32. Qc2 Bf6 33. b5 Bd8 34. bxc6
bxc6 35. Qd2 Qc7 36. Be2 Be7 37. Qa2 Qb7 38. Qa5 Kg7 39. Qd2 Qb6 40. Qa2 Qd4 41.
Qc2 Bd8 42. Bf1 Bb6 43. Bd3 Bc5 44. Bf1 Qa1 45. Qd2 Qb1 46. Bd3 Qb3 47. Qg5 Kf7
48. Qd2 Bd4 49. Qc2 Qxc2 1/2-1/2

[Event "16th ch-EUR Indiv w 2015"]
[Site "Chakvi GEO"]
[Date "2015.05.20"]
[Round "2.8"]
[White "Javakhishvili, Lela"]
[Black "Fataliyeva, Ulviyya"]
[Result "1-0"]
[WhiteTitle "IM"]
[BlackTitle "WIM"]
[WhiteElo "2472"]
[BlackElo "2331"]
[WhiteFideId "13601458"]
[BlackFideId "13403052"]
[EventDate "2015.05.19"]

1. d4 e6 2. c4 b6 3. e4 g6 4. Nc3 Bg7 5. g3 Ba6 6. Nf3 Ne7 7. h4 d5 8. h5 O-O 9.
hxg6 hxg6 10. Bg5 f6 11. Bh6 Bxh6 12. Rxh6 Kg7 13. Qd2 dxc4 14. O-O-O Rh8 15. e5
Nd7 16. exf6+ Nxf6 17. Rxh8 Kxh8 18. Bg2 Rc8 19. Qh6+ Kg8 20. Bh3 Nf5 21. Qxg6+
Kf8 22. Ng5 Qe7 23. Bxf5 exf5 24. Rh1 1-0

[Event "16th ch-EUR Indiv w 2015"]
[Site "Chakvi GEO"]
[Date "2015.05.20"]
[Round "2.9"]
[White "Mammadova, Gulnar"]
[Black "Socko, Monika"]
[Result "0-1"]
[WhiteTitle "WGM"]
[BlackTitle "GM"]
[WhiteElo "2293"]
[BlackElo "2467"]
[WhiteFideId "13403508"]
[BlackFideId "1106619"]
[EventDate "2015.05.19"]

1. e4 c6 2. c4 d5 3. exd5 cxd5 4. cxd5 Nf6 5. Nc3 Nxd5 6. Nf3 e6 7. d4 Bb4 8.
Bd2 Nc6 9. a3 Be7 10. Bb5 O-O 11. O-O Qb6 12. Nxd5 exd5 13. Bxc6 Qxc6 14. Qb3
Qc4 15. Qe3 Be6 16. Ne5 Qb5 17. b4 Rfe8 18. a4 Qb6 19. b5 Bd6 20. Qd3 f6 21. a5
Qd8 22. Nf3 Rc8 23. Nh4 Qd7 24. Rfe1 Bf7 25. h3 Rc4 26. b6 a6 27. g4 g6 28. Ng2
Re4 29. Qf3 Qe7 30. Bc3 Bb8 31. Rac1 Rxe1+ 32. Rxe1 Qa3 33. Re3 Rxc3 34. Rxc3
Qa1+ 35. Ne1 Qxe1+ 36. Kg2 Kg7 37. Qe3 Qxe3 38. fxe3 Be6 39. Kf3 Kf7 40. h4 Bd7
41. Rc1 Bd6 42. Rb1 Bb5 43. g5 Ke6 44. gxf6 Bc6 45. Kg4 Kxf6 46. Rf1+ Kg7 47.
Rb1 h5+ 48. Kf3 Kf6 49. Rb2 Kf5 50. Rb1 Be7 51. Rc1 Bb4 52. Ra1 Bc3 53. Ra2 Be1 0-1

[Event "16th ch-EUR Indiv w 2015"]
[Site "Chakvi GEO"]
[Date "2015.05.20"]
[Round "2.10"]
[White "Danielian, Elina"]
[Black "Gvetadze, Sofio"]
[Result "1-0"]
[WhiteTitle "GM"]
[BlackTitle "IM"]
[WhiteElo "2458"]
[BlackElo "2319"]
[WhiteFideId "13300210"]
[BlackFideId "13601440"]
[EventDate "2015.05.19"]

1. d4 d5 2. c4 e6 3. Nf3 c5 4. g3 Nf6 5. Bg2 Nc6 6. O-O Be7 7. dxc5 Bxc5 8. a3
O-O 9. b4 Be7 10. Bb2 a5 11. b5 Nb8 12. Nbd2 Nbd7 13. Rc1 a4 14. Qc2 Bc5 15.
cxd5 exd5 16. e4 dxe4 17. Nxe4 Be7 18. Rfe1 Qa5 19. Neg5 Bd8 20. Bh3 h6 21. Bxf6
Nxf6 22. Bxc8 hxg5 23. Bxb7 Rb8 24. Bc6 g4 25. Ne5 Qa7 26. Qc4 Bb6 27. Re2 Rbd8
28. Nxg4 Nxg4 29. Qxg4 Rd3 30. Kg2 g6 31. h4 Rd4 32. Qf3 Kg7 33. h5 Rd6 34. Qf4
Rfd8 35. Rce1 Rd4 36. h6+ Kh7 37. Qf6 Rg8 38. Re7 1-0

[Event "16th ch-EUR Indiv w 2015"]
[Site "Chakvi GEO"]
[Date "2015.05.20"]
[Round "2.11"]
[White "Galojan, Lilit"]
[Black "Zhukova, Natalia"]
[Result "1-0"]
[WhiteTitle "IM"]
[BlackTitle "GM"]
[WhiteElo "2275"]
[BlackElo "2456"]
[WhiteFideId "13301314"]
[BlackFideId "14101513"]
[EventDate "2015.05.19"]

1. c4 c5 2. Nc3 Nc6 3. g3 g6 4. Bg2 Bg7 5. Nf3 e5 6. a3 Nge7 7. O-O d6 8. Rb1 b6
9. b4 Bb7 10. Ne1 O-O 11. Nc2 f5 12. Ne3 Qd7 13. Qa4 f4 14. Ned5 Nf5 15. d3 g5
16. Qd1 Ncd4 17. bxc5 dxc5 18. e3 Ne6 19. Qh5 Qf7 20. Qxf7+ Rxf7 21. Re1 Nd6 22.
Bh3 Nf8 23. a4 h5 24. a5 bxa5 25. Na4 g4 26. Bf1 fxg3 27. fxg3 Ne6 28. Bg2 e4
29. Ba3 Rc8 30. Red1 Ba6 31. Nf4 Nxf4 32. gxf4 Rfc7 33. dxe4 Nxc4 34. Bxc5 Rxc5
35. Nxc5 Rxc5 36. Rd8+ Kh7 37. Bf1 a4 38. e5 a3 39. Bd3+ Kh6 40. Rd7 Rc6 41. Rb8
Bc8 42. Rxa7 Nxe3 43. Kf2 Nd5 44. Be4 Rc7 45. Rxc7 Nxc7 46. Rb6+ Be6 47. Bb1
Bxe5 48. fxe5 Kg5 49. Rc6 Bf5 50. Ba2 Nb5 51. Ke3 h4 52. Rc5 Na7 53. e6 Kf6 54.
Rxf5+ 1-0

[Event "16th ch-EUR Indiv w 2015"]
[Site "Chakvi GEO"]
[Date "2015.05.20"]
[Round "2.13"]
[White "Gevorgyan, Maria"]
[Black "Zawadzka, Jolanta"]
[Result "1-0"]
[WhiteTitle "WFM"]
[BlackTitle "WGM"]
[WhiteElo "2190"]
[BlackElo "2434"]
[WhiteFideId "13300270"]
[BlackFideId "1122320"]
[EventDate "2015.05.19"]

1. e4 c5 2. Nc3 Nc6 3. Bb5 Nd4 4. Bc4 e6 5. Nge2 Nf6 6. O-O a6 7. d3 b5 8. Bb3
Nxb3 9. axb3 Bb7 10. f4 d5 11. e5 d4 12. exf6 dxc3 13. f5 Qd5 14. Rf2 O-O-O 15.
Nxc3 Qc6 16. Qg4 h5 17. fxg7 Bxg7 18. Qxg7 Rhg8 19. Qe5 Rxg2+ 20. Kf1 Rg1+ 21.
Ke2 c4 22. bxc4 bxc4 23. Ra4 cxd3+ 24. cxd3 Qd7 25. Qe3 exf5 26. Kd2 Be4 27.
Rc4+ Bc6 28. Na4 Qd6 29. Rxf5 Rg2+ 30. Kc3 Rg1 31. Rxc6+ Qxc6+ 32. Rc5 1-0

[Event "16th ch-EUR Indiv w 2015"]
[Site "Chakvi GEO"]
[Date "2015.05.20"]
[Round "2.14"]
[White "Kashlinskaya, Alina"]
[Black "Stetsko, Lanita"]
[Result "1-0"]
[WhiteTitle "IM"]
[BlackTitle "FM"]
[WhiteElo "2423"]
[BlackElo "2286"]
[WhiteFideId "4198026"]
[BlackFideId "13505300"]
[EventDate "2015.05.19"]

1. d4 Nf6 2. c4 e6 3. Nc3 Bb4 4. Qc2 O-O 5. e4 d5 6. e5 Ne4 7. Bd3 c5 8. Nf3
cxd4 9. Nxd4 Nd7 10. Bf4 Ndc5 11. O-O Bxc3 12. bxc3 Bd7 13. Be2 Na4 14. cxd5
exd5 15. c4 Rc8 16. Bd3 b5 17. Rad1 Nac3 18. cxd5 Nxd5 19. Qb3 Nec3 20. Bd2 Nxd1
21. Rxd1 Be6 22. Bf5 Qb6 23. Ba5 Qa6 24. Bxe6 fxe6 25. h3 Rc4 26. Be1 Nc7 27.
Bb4 Rf4 28. Ne2 Rxb4 29. Rd8+ Ne8 30. Qd3 Rf8 31. Qd7 Rc4 32. Rxe8 Qc6 33. Rxf8+
Kxf8 34. Qxa7 Qc7 35. Qe3 Rc5 36. Nd4 Kg8 37. Nxe6 Rc1+ 38. Kh2 Qc4 39. Qg5 Qxe6
40. Qxc1 Qxe5+ 41. f4 Qd5 42. Qb2 Kf8 43. Kg3 h6 44. Qb4+ Ke8 45. Qb3 Qd4 46.
Qxb5+ Kf7 47. Qb7+ Kf6 48. Qc6+ Kf7 49. a4 Kg8 50. Qc8+ Kh7 51. Qf5+ Kh8 52. a5
Qa7 53. Qe5 Qa6 54. Kh2 Kh7 55. f5 Qc6 56. Qg3 Qb5 57. Qg6+ Kh8 58. a6 Qb8+ 59.
Qg3 Qb6 60. Qd3 Qb8+ 61. Kh1 Qb6 62. h4 Qa5 63. Kh2 Qb6 64. h5 Qb8+ 65. Kh3 Qb6
66. Qa3 Qa7 67. f6 gxf6 68. Qf8+ Kh7 69. Qc8 Qe3+ 70. g3 Qe2 71. Qf5+ 1-0

[Event "16th ch-EUR Indiv w 2015"]
[Site "Chakvi GEO"]
[Date "2015.05.20"]
[Round "2.15"]
[White "Savina, Anastasia"]
[Black "Umudova, Nargiz"]
[Result "1-0"]
[WhiteTitle "IM"]
[BlackTitle "WIM"]
[WhiteElo "2417"]
[BlackElo "2275"]
[WhiteFideId "4196872"]
[BlackFideId "13402137"]
[EventDate "2015.05.19"]

1. Nf3 Nf6 2. c4 e6 3. Nc3 c5 4. g3 b6 5. Bg2 Bb7 6. O-O Be7 7. d4 cxd4 8. Qxd4
O-O 9. Rd1 d6 10. Bg5 Nc6 11. Qf4 Na5 12. b3 a6 13. Rac1 Rc8 14. Bxf6 Bxf6 15.
Rxd6 Qc7 16. e4 Bxc3 17. Rxc3 Bxe4 18. c5 bxc5 19. Rxa6 Qxf4 20. gxf4 Nb7 21.
Ne5 Bxg2 22. Kxg2 Rfd8 23. Nc6 Rd7 24. b4 Kf8 25. b5 Nd6 26. Rxc5 Ne4 27. Rc2
Rb7 28. a4 Nf6 29. Rd2 Nd5 30. f5 Rd7 31. Kf3 exf5 32. a5 g5 33. Rd4 g4+ 34. Kg2
h5 35. Ne5 Rdd8 36. Rc6 Ra8 37. Rc5 Nf6 38. Rxd8+ Rxd8 39. Rc7 Rd5 40. b6 Rxe5
41. b7 Re8 42. Rc8 Nd7 43. a6 1-0

[Event "16th ch-EUR Indiv w 2015"]
[Site "Chakvi GEO"]
[Date "2015.05.20"]
[Round "2.16"]
[White "Topel, Zehra"]
[Black "Bodnaruk, Anastasia"]
[Result "0-1"]
[WhiteTitle "WIM"]
[BlackTitle "IM"]
[WhiteElo "2179"]
[BlackElo "2402"]
[WhiteFideId "6302661"]
[BlackFideId "4181751"]
[EventDate "2015.05.19"]

1. d4 Nf6 2. c4 g6 3. Nc3 Bg7 4. e4 d6 5. f3 O-O 6. Be3 c5 7. Nge2 Nc6 8. d5 Na5
9. Nc1 e6 10. Be2 exd5 11. cxd5 Nd7 12. Nb3 Nxb3 13. Qxb3 f5 14. g3 b5 15. Nxb5
fxe4 16. f4 Rb8 17. Qa4 a6 18. Nc3 Rxb2 19. Rc1 Nb6 20. Qa3 Rb4 21. O-O Nc4 22.
Bxc4 Rxc4 23. Nb1 Rb4 24. Rc2 Bd7 25. Bd2 Ra4 26. Qb3 Bb5 27. Rcc1 Bd4+ 28. Kh1
Bxf1 29. Qxa4 Be2 30. h3 e3 31. Be1 Qc8 32. Kg2 Qf5 33. Nc3 Bd3 34. Qc6 Qf6 35.
Kh2 Rb8 36. Nd1 Qe7 37. Qa4 g5 38. fxg5 Rf8 39. Qb3 c4 40. Rxc4 Bxc4 41. Qxc4 e2
42. Nc3 Bf2 43. Nxe2 Bxe1 44. Nf4 Qe3 0-1

[Event "16th ch-EUR Indiv w 2015"]
[Site "Chakvi GEO"]
[Date "2015.05.20"]
[Round "2.17"]
[White "Daulyte, Deimante"]
[Black "Sviridova, Vlada"]
[Result "0-1"]
[WhiteTitle "IM"]
[BlackTitle "WFM"]
[WhiteElo "2402"]
[BlackElo "2087"]
[WhiteFideId "12802859"]
[BlackFideId "24109606"]
[EventDate "2015.05.19"]

1. e4 e6 2. d4 d5 3. Bd3 dxe4 4. Bxe4 Nf6 5. Bf3 c5 6. Ne2 Be7 7. Nbc3 O-O 8.
Be3 Qc7 9. O-O Rd8 10. Qc1 Nc6 11. Rd1 Nxd4 12. Nxd4 cxd4 13. Nb5 Qa5 14. Nxd4
e5 15. Nb3 Rxd1+ 16. Qxd1 Qc7 17. Bd2 Bf5 18. Bc3 Rd8 19. Qe1 e4 20. Be2 Nd5 21.
Bd4 Nb4 22. Bd1 Nc6 23. Bc3 Bd6 24. h3 Be5 25. Bh5 Bxc3 26. Qxc3 Qe5 27. Qxe5
Nxe5 28. Be2 Be6 29. Nc5 Rd2 30. Rd1 Rxd1+ 31. Bxd1 Bd5 32. b3 b6 33. Na4 Bc6
34. Nc3 f5 35. h4 Kf7 36. Ne2 Kf6 37. Nd4 Bd7 38. f4 exf3 39. Nxf3 Nxf3+ 40.
Bxf3 Ke5 41. c3 h6 42. Kf2 g5 43. hxg5 hxg5 44. g3 g4 45. Bg2 f4 46. gxf4+ Kxf4
47. Bb7 g3+ 48. Kg2 Bf5 49. c4 Bb1 50. a3 Be4+ 51. Bxe4 Kxe4 52. b4 Kd4 53. c5
bxc5 54. bxc5 Kxc5 55. Kxg3 Kb5 56. Kf3 Ka4 57. Ke3 Kxa3 58. Kd4 Kb3 59. Kd3 a5
60. Kd2 Kb2 0-1

[Event "16th ch-EUR Indiv w 2015"]
[Site "Chakvi GEO"]
[Date "2015.05.20"]
[Round "2.18"]
[White "Zhorzholiani, Meri"]
[Black "Arakhamia-Grant, Ketevan"]
[Result "1/2-1/2"]
[WhiteTitle "WFM"]
[BlackTitle "GM"]
[WhiteElo "2071"]
[BlackElo "2393"]
[WhiteFideId "13604031"]
[BlackFideId "13600168"]
[EventDate "2015.05.19"]

1. d4 Nf6 2. Nf3 g6 3. g3 Bg7 4. Bg2 O-O 5. O-O d6 6. Nbd2 c5 7. c3 cxd4 8. cxd4
Nc6 9. Re1 Bd7 10. a3 Rc8 11. b3 b5 12. Bb2 Qb6 13. h3 Rfd8 14. e4 e5 15. d5 Ne7
16. Nf1 Bh6 17. N3d2 Nh5 18. Bf3 Ng7 19. Bg2 f5 20. exf5 gxf5 21. b4 Rf8 22. Nf3
Ng6 23. Qb3 Ne8 24. Bc1 Bg7 25. Be3 Qd8 26. Bg5 Nf6 27. Rac1 h6 28. Rxc8 Bxc8
29. Bc1 Kh7 30. Bb2 Bb7 31. N3d2 Qd7 32. Nb1 e4 33. Ne3 Ne5 34. Bxe5 dxe5 35.
Nc3 a6 36. Rd1 f4 37. Ng4 f3 38. Nxf6+ Bxf6 39. Bf1 e3 40. Qc2+ Kh8 41. fxe3 Qc7
42. Qd3 Rd8 43. Qf5 Bg7 44. Ne4 Rf8 45. Qg6 Qc2 46. Rd2 Qb1 47. Kf2 Bc8 48. g4
Bd7 49. Bd3 Qh1 50. Qh7+ Kxh7 51. Ng3+ Kg8 52. Nxh1 h5 53. gxh5 Bxh3 54. Kg3 Bd7
55. Be4 Bh6 56. Rd3 Rc8 57. Kxf3 Be8 58. Ng3 Bf7 59. d6 Rf8 60. Kg4 Be6+ 61. Bf5
Bc4 62. Rc3 Kf7 63. Bg6+ Ke6 64. Nf5 Be2+ 65. Kg3 Bxh5 66. Bxh5 Kxf5 67. d7 Bg5
68. Be8 Ke4 69. Kg4 Bd8 70. Bg6+ Kd5 71. Rc8 Ke6 72. Be8 Ke7 73. Rc6 Rf6 74. Rc5 1/2-1/2

[Event "16th ch-EUR Indiv w 2015"]
[Site "Chakvi GEO"]
[Date "2015.05.20"]
[Round "2.20"]
[White "Paehtz, Elisabeth"]
[Black "Kursova, Maria"]
[Result "0-1"]
[WhiteTitle "IM"]
[BlackTitle "WGM"]
[WhiteElo "2473"]
[BlackElo "2267"]
[WhiteFideId "4641833"]
[BlackFideId "4129709"]
[EventDate "2015.05.19"]

1. d4 Nf6 2. c4 e6 3. Nc3 Bb4 4. e3 O-O 5. Ne2 d5 6. a3 Be7 7. cxd5 exd5 8. g3
a5 9. Bg2 Na6 10. O-O Re8 11. Nf4 c6 12. f3 Bf8 13. Kh1 h6 14. Qd3 Nc7 15. Bd2
b6 16. Rfd1 c5 17. dxc5 bxc5 18. Qc2 Bb7 19. Na4 Nd7 20. Rac1 Ne6 21. Nxe6 fxe6
22. f4 Qe7 23. e4 Qf7 24. e5 Reb8 25. Re1 Be7 26. Rcd1 Bc6 27. Nc3 Nb6 28. Bc1
Rd8 29. Rf1 a4 30. g4 h5 31. gxh5 Qxh5 32. Ne2 Qh7 33. Qd2 Nc4 34. Qc3 Rab8 35.
f5 Rb3 36. Qe1 Bh4 37. Rf2 Bxf2 38. Qxf2 Nxe5 39. Qxc5 Qh5 40. Re1 Nf3 0-1

[Event "16th ch-EUR Indiv w 2015"]
[Site "Chakvi GEO"]
[Date "2015.05.20"]
[Round "2.21"]
[White "Ushenina, Anna"]
[Black "Zaksaite, Salomeja"]
[Result "0-1"]
[WhiteTitle "GM"]
[BlackTitle "WIM"]
[WhiteElo "2467"]
[BlackElo "2203"]
[WhiteFideId "14110911"]
[BlackFideId "12801496"]
[EventDate "2015.05.19"]

1. d4 Nf6 2. c4 g6 3. f3 d5 4. cxd5 Nxd5 5. e4 Nb6 6. Nc3 Bg7 7. Be3 O-O 8. Qd2
f5 9. e5 Be6 10. O-O-O Nd5 11. Nh3 Nxe3 12. Qxe3 c6 13. Nf4 Bh6 14. h4 Qd7 15.
h5 g5 16. Nxe6 Qxe6 17. Kb1 Nd7 18. Bd3 Nf6 19. Qe2 Nd5 20. Bc4 Kh8 21. Bxd5
cxd5 22. Qb5 Rfd8 23. Na4 b6 24. Rc1 g4 25. Rc6 Qd7 26. e6 Qe8 27. Nc3 gxf3 28.
gxf3 Qg8 29. Qe2 Bf4 30. Qc2 Qg5 31. a3 Rac8 32. Nxd5 Rxc6 33. Qxc6 Qg2 34. Nxf4
Qxh1+ 35. Ka2 Qd1 36. Nd5 Qxd4 37. Nxe7 Qe5 38. h6 f4 39. Qc4 Qc5 40. Qxc5 bxc5
41. Nc6 Rd3 42. e7 Re3 43. a4 a5 44. Nxa5 Rxe7 45. Nc6 Re6 46. Nd8 Ra6 47. Kb3
Kg8 48. Kc4 Rxh6 49. a5 Ra6 50. Kb5 Ra8 51. Ne6 h5 52. Nxf4 h4 53. a6 c4 54. Nh3
Kf7 55. Kxc4 Rxa6 56. b4 Rg6 57. b5 Ke7 58. Kc5 Kd7 59. b6 Rg3 60. Nf4 h3 61.
Nd5 Rg5 62. b7 Rxd5+ 63. Kb6 Rd1 0-1

[Event "16th ch-EUR Indiv w 2015"]
[Site "Chakvi GEO"]
[Date "2015.05.20"]
[Round "2.22"]
[White "Baraeva, Marina"]
[Black "Mkrtchian, Lilit"]
[Result "1/2-1/2"]
[WhiteTitle "WIM"]
[BlackTitle "IM"]
[WhiteElo "2204"]
[BlackElo "2459"]
[WhiteFideId "24142573"]
[BlackFideId "13300601"]
[EventDate "2015.05.19"]

1. d4 Nf6 2. c4 e6 3. Nc3 Bb4 4. Qc2 Nc6 5. Nf3 d6 6. Bg5 h6 7. Bxf6 Qxf6 8. e3
O-O 9. Bd3 e5 10. dxe5 Nxe5 11. Nxe5 Qxe5 12. Rc1 d5 13. O-O dxc4 14. Bxc4 c6
15. Qe2 Bd6 16. f4 Qe7 17. e4 Be6 18. e5 Bc7 19. Ne4 Rad8 20. Rfd1 Rxd1+ 21.
Rxd1 Rd8 22. Rxd8+ Qxd8 23. Bxe6 Qd4+ 24. Kh1 fxe6 25. g3 c5 26. Kg2 c4 27. a3
b5 28. Kh3 a6 29. Nc3 Ba5 30. Qf3 Bxc3 31. bxc3 Qd5 32. Qe3 Qd1 33. Qb6 Qh5+ 34.
Kg2 Qe2+ 35. Kg1 Kf7 36. Qxa6 Qe1+ 37. Kg2 Qe2+ 38. Kg1 Qe1+ 39. Kg2 Qe2+ 40.
Kg1 Qe1+ 1/2-1/2

[Event "16th ch-EUR Indiv w 2015"]
[Site "Chakvi GEO"]
[Date "2015.05.20"]
[Round "2.23"]
[White "Kiolbasa, Oliwia"]
[Black "Khurtsidze, Nino"]
[Result "0-1"]
[WhiteTitle "WFM"]
[BlackTitle "IM"]
[WhiteElo "2223"]
[BlackElo "2451"]
[WhiteFideId "1154613"]
[BlackFideId "13600320"]
[EventDate "2015.05.19"]

1. e4 d6 2. d4 g6 3. Nc3 Bg7 4. Nf3 Nd7 5. Bc4 e6 6. O-O Ne7 7. Re1 a6 8. a4 b6
9. Bf4 h6 10. h3 g5 11. Bg3 Ng6 12. Qd2 Bb7 13. Rad1 O-O 14. Kh1 Nf6 15. Ng1 Qd7
16. Bd3 Nh5 17. Nge2 f5 18. exf5 exf5 19. Bh2 Nh4 20. d5 Rae8 21. Bc4 f4 22. Nd4
f3 23. g4 Nf4 24. Bxf4 Rxf4 25. Rxe8+ Qxe8 26. Qe3 Qe5 27. Ne6 Qxe3 28. fxe3
Rxc4 29. Nxg7 Kxg7 0-1